Fr. Conceicao Rodrigues College of Engineering

A Complete Architecture & Paralle Pro (Record no. 24269)

MARC details
000 -LEADER
fixed length control field 00337nam a2200145Ia 4500
082 ## - DEWEY DECIMAL CLASSIFICATION NUMBER
Classification number 4.22
Item number HWA/AGA
100 ## - MAIN ENTRY--PERSONAL NAME
Personal name Kai/ Hwang/ Briggs/Faye A
245 ## - TITLE STATEMENT
Title A Complete Architecture & Paralle Pro
260 ## - PUBLICATION, DISTRIBUTION, ETC.
Name of publisher, distributor, etc. Mc Graw Hill
Place of publication, distribution, etc. New Delhi
Date of publication, distribution, etc. 1984
300 ## - PHYSICAL DESCRIPTION
Extent 846
546 ## - LANGUAGE NOTE
Language note ENGLISH
654 ## - SUBJECT ADDED ENTRY--FACETED TOPICAL TERMS
Focus term Computer
942 ## - ADDED ENTRY ELEMENTS (KOHA)
Koha item type BOOK
Holdings
Withdrawn status Lost status Damaged status Not for loan Collection Home library Current library Date acquired Total Checkouts Full call number Barcode Date last seen Date last checked out Price effective from Koha item type
        CRC Fr. Agnel's C.Rodrigues College of Engineering Fr. Agnel's C.Rodrigues College of Engineering 17/03/2023 1 4.22 HWA/AGA 10928 04/09/2025 04/09/2025 17/03/2023 BOOK